| 000 | 00515nam a22001337a 4500 | ||
|---|---|---|---|
| 008 | 160414b xxu||||| |||| 00| 0 eng d | ||
| 082 |
_22005 _aUT 0136 _bM81 |
||
| 100 |
_95603 _aMoreno, James Louis A. |
||
| 245 |
_aManagement capabilities and performance level of the Barangay officials in Poblacion Sulop Davao del Sur/ _cJames Louis A. Moreno. |
||
| 260 |
_aDigos City: _bUMDC _cMarch 2005. |
||
| 300 |
_a72 pages; _c29 cm. |
||
| 650 | 0 |
_95604 _aLiberal Arts _vPolitical Science _xUndergraduate thesis. |
|
| 942 |
_2ddc _cUT |
||
| 999 |
_c1767 _d1767 |
||